Documentos inéditos del arzobispo Adolfo Alejandro Nouel / (Registro nro. 13987)

Detalles MARC
000 -LEADER
fixed length control field 01280nam a2200325 a 4500
001 - CONTROL NUMBER
control field
003 - CONTROL NUMBER IDENTIFIER
control field DO-SdBNP
005 - DATE AND TIME OF LATEST TRANSACTION
control field 20220127125935.0
008 - FIXED-LENGTH DATA ELEMENTS--GENERAL INFORMATION
fixed length control field 081117s2008 dr ac r 001 0 spa d
020 ## - INTERNATIONAL STANDARD BOOK NUMBER
International Standard Book Number 9789945020113 (v.1)
020 ## - INTERNATIONAL STANDARD BOOK NUMBER
International Standard Book Number 9789945020441 (v.2)
020 ## - INTERNATIONAL STANDARD BOOK NUMBER
International Standard Book Number 9789945020458 (t. 3)
040 ## - CATALOGING SOURCE
Original cataloging agency DO-SdBNP
Language of cataloging spa
Transcribing agency BPMSU
082 ## - DEWEY DECIMAL CLASSIFICATION NUMBER
Classification number 282.7293
Item number N925d 2008
Edition number 22
100 1# - MAIN ENTRY--PERSONAL NAME
Personal name Nouel y Bobadilla, Adolfo Alejandro,
Titles and words associated with a name Arzobispo,
Dates associated with a name 1863-1937
245 10 - TITLE STATEMENT
Title Documentos inéditos del arzobispo Adolfo Alejandro Nouel /
Statement of responsibility, etc. José Luis Saéz, compilador.
260 ## - PUBLICATION, DISTRIBUTION, ETC. (IMPRINT)
Place of publication, distribution, etc. Santo Domingo :
Name of publisher, distributor, etc. Archivo General de la Nación,
Date of publication, distribution, etc. 2008.
300 ## - PHYSICAL DESCRIPTION
Extent 3 v. :
Other physical details il., retrs. ;
Dimensions 25 cm.
490 0# - SERIES STATEMENT
Series statement Archivo General de la Nación
Volume/sequential designation 48-50
500 ## - GENERAL NOTE
General note Incluye índice general
504 ## - BIBLIOGRAPHY, ETC. NOTE
Bibliography, etc Incluye referencias bibliográficas y notas al pie de las páginas
590 ## - LOCAL NOTE (RLIN)
Local note Inventariado, 2022/VM
600 14 - SUBJECT ADDED ENTRY--PERSONAL NAME
Personal name Noel, Adolfo Alejandro ,
Dates associated with a name 1862-1937
Form subdivision Correspondencias, memorias, etc
610 14 - SUBJECT ADDED ENTRY--CORPORATE NAME
Corporate name or jurisdiction name as entry element Iglesia católica
Geographic subdivision República Dominicana
General subdivision Historia
Form subdivision Correspondencias, memorias, etc.
700 #2 - ADDED ENTRY--PERSONAL NAME
Personal name Sáez, José Luis
Relator term comp.
710 2# - ADDED ENTRY--CORPORATE NAME
Corporate name or jurisdiction name as entry element Archivo General de la Nación (República Dominicana)
830 #0 - SERIES ADDED ENTRY--UNIFORM TITLE
Uniform title Archivo General de la Nación
Number of part/section of a work 48-50
910 ## - USER-OPTION DATA (OCLC)
User-option data VMateo V.
942 ## - ADDED ENTRY ELEMENTS (KOHA)
Source of classification or shelving scheme Dewey Decimal Classification
Koha item type Libros
Existencias
Withdrawn status Lost status Source of classification or shelving scheme Damaged status Not for loan Collection code Home library Current library Date acquired Source of acquisition Total Checkouts Full call number Barcode Date last seen Copy number Price effective from Koha item type
    Dewey Decimal Classification     Colección Dominicana Biblioteca Pública Metropolitana Salomé Ureña Biblioteca Pública Metropolitana Salomé Ureña 01/27/2022 Fundacón Juan Bosch   BPMSU CD 282.7293 N925d 2008 BPMSU22010080 01/27/2022 v.1 01/27/2022 Libros
    Dewey Decimal Classification     Colección Dominicana Biblioteca Pública Metropolitana Salomé Ureña Biblioteca Pública Metropolitana Salomé Ureña 01/27/2022 Fundacón Juan Bosch   BPMSU CD 282.7293 N925d 2008 BPMSU22010081 01/27/2022 v.2 01/27/2022 Libros
    Dewey Decimal Classification     Colección Dominicana Biblioteca Pública Metropolitana Salomé Ureña Biblioteca Pública Metropolitana Salomé Ureña 01/27/2022 Fundacón Juan Bosch   BPMSU CD 282.7293 N925d 2008 BPMSU22050026 05/10/2022 v.1, e.2 01/27/2022 Libros
    Dewey Decimal Classification     Colección Dominicana Biblioteca Pública Metropolitana Salomé Ureña Biblioteca Pública Metropolitana Salomé Ureña 01/27/2022 Fundacón Juan Bosch   BPMSU CD 282.7293 N925d 2008 BPMSU22050027 05/10/2022 v.3 01/27/2022 Libros